000 00641cab a2200217 4500
001 WB3039-02
008 090401t xxu||||| |||| 00| 0 eng d
035 _a(Sirsi) u71099
041 _aeng
245 _aBritish Standard for cladding
350 _a0
490 _aNew Builder
_v(232) 14 October 994, 4(1)
520 _aA report "Durability of cladding", commissioned by the DOE calls for a new British Standard to improve the durability of tin shed cladding.
650 _aBRITISH STANDARDS
650 _aCLADDING
650 _aCOATINGS
650 _aFAILURES
690 _aBUILT ENVIRONMENT
942 _n0
948 _c04/03/1997
999 _c44790
_d44790